00458 a2200121 4500001001000000005001700010008004100027245014100068100002200209700003800231773005000269999001700319ART_4249720260410161842.0260409a 10aEl Artículo 645 del Código Civil y Comercial de la Nación y la autorización parental al hijo para ingresar a las Fuerzas Armadas1 aTorres, Ismael F.1 aFuria de Torres, Lilian Alicia G.0 tRAPg- Año 39, Nº 464 (mayo 2017)wREV5941 c24221d24221